| 000 | 00439nam a22001697a 4500 | ||
|---|---|---|---|
| 003 | MPLRDC | ||
| 005 | 20220104144359.0 | ||
| 008 | 210129b ||||| |||| 00| 0 eng d | ||
| 082 | _a528.974 GDJ | ||
| 100 | _a高德江编著 | ||
| 245 |
_a少林武术, 擒拿与解脱, 火棍 _c |
||
| 250 | _a一版二刷 | ||
| 260 |
_a _b黑龙江科学技术出版社 _c1983 |
||
| 300 | _b平 | ||
| 650 | _a中国武术 | ||
| 942 |
_cBK _o528.974 GDJ |
||
| 999 |
_c49060 _d49050 |
||